Vyjmenovaná slova po V - Statistics

General Stats
  • This quiz has been taken 80 times
  • The average score is 7 of 12
Answer Stats
Slova % Correct
vy
100%
výt
82%
výr
79%
vysoký
76%
zvykat
62%
žvýkat
62%
vydra
51%
vyžle
49%
výskat
44%
povyk
34%
výheň
31%
vykat
25%
No matching quizzes found
Score Distribution
Percent of People with Each Score
Percentile by Number Answered
Your Score History
You have not taken this quiz